书目信息 |
| 题名: |
窑变
|
|
| 作者: | 李清源 著 | |
| 分册: | ||
| 出版信息: | 北京 人民文学出版社 2023 |
|
| 页数: | 478页 | |
| 开本: | 21cm | |
| 丛书名: | 长篇小说 | |
| 单 册: | ||
| 中图分类: | I247.57 | |
| 科图分类: | ||
| 主题词: | 长篇小说--中国--当代 | |
| 电子资源: | ||
| ISBN: | 978-7-02-018014-1 | |
| 000 | 01372nam0 2200289 450 | |
| 001 | 01182148 | |
| 005 | 20230912192945.0 | |
| 010 | @a978-7-02-018014-1@b精装@dCNY78.00 | |
| 100 | @a20230814d2023 em y0chiy0120 ea | |
| 101 | 0 | @achi |
| 102 | @aCN@b110000 | |
| 105 | @ay z 000ay | |
| 106 | @ar | |
| 200 | 1 | @a窑变@9yao bian@dChange of the glaze@f李清源著@zeng |
| 210 | @a北京@c人民文学出版社@d2023 | |
| 215 | @a478页@d21cm | |
| 225 | @a长篇小说 | |
| 300 | @a长篇小说 | |
| 314 | @a李清源,中国人民大学文学硕士,作品发表于《当代》《十月》《人民文学》等刊,出版小说集《走失的卡诺》《此事无关风与月》、长篇小说《箜篌引》。获《当代》文学拉力赛年度中短篇总冠军、十月文学奖、杜甫文学奖等奖项。 | |
| 330 | @a该书为青年作家李清源的长篇新作。在80后作家群中,河南作家李清源是比较惹眼的一个。他的写作既有厚实的文化底蕴,又有敏锐关注现实的问题意识,同时,对一些外来创作技法的借鉴和吸收又视野开阔。《窑变》是他历时五年写下的新长篇,小说以时间为线索,以钧州翟家三代人对钧窑的痴迷为主线,讲述钧瓷的历史传承和现代变化,同时,更试图讲述中国近现代史的变迁和人物命运的变迁。小说既有历史的厚度和纵深,又有人性的复杂和多棱。“窑变”的意象更是具有丰富的象征意义。 | |
| 510 | 1 | @aChange of the glaze@zeng |
| 586 | @a | |
| 606 | 0 | @a长篇小说@y中国@z当代 |
| 690 | @aI247.57@v5 | |
| 701 | 0 | @a李清源@9li qing yuan@4著 |
| 801 | 0 | @aCN@c20230912 |
| 905 | @dI247.57@eL238@f1@sI247.57/L238@S@Z | |
| 窑变=Change of the glaze/李清源著.-北京:人民文学出版社,2023 |
| 478页;21cm.-(长篇小说) |
| 长篇小说 |
| ISBN 978-7-02-018014-1(精装):CNY78.00 |
| 该书为青年作家李清源的长篇新作。在80后作家群中,河南作家李清源是比较惹眼的一个。他的写作既有厚实的文化底蕴,又有敏锐关注现实的问题意识,同时,对一些外来创作技法的借鉴和吸收又视野开阔。《窑变》是他历时五年写下的新长篇,小说以时间为线索,以钧州翟家三代人对钧窑的痴迷为主线,讲述钧瓷的历史传承和现代变化,同时,更试图讲述中国近现代史的变迁和人物命运的变迁。小说既有历史的厚度和纵深,又有人性的复杂和多棱。“窑变”的意象更是具有丰富的象征意义。 |
| ● |
| 相关链接 |
|
|
|
正题名:窑变
索取号:I247.57/L238
 
预约/预借
| 序号 | 登录号 | 条形码 | 馆藏地/架位号 | 状态 | 备注 |
| 1 | 21620315 | 216203150 | 文学库108/108文学库 49排3列1层/ [索取号:I247.57/L238] | 在馆 |